<?xml version="1.0" encoding="UTF-8"?>
<record
    xmlns:xsi="http://www.w3.org/2001/XMLSchema-instance"
    xsi:schemaLocation="http://www.loc.gov/MARC21/slim http://www.loc.gov/standards/marcxml/schema/MARC21slim.xsd"
    xmlns="http://www.loc.gov/MARC21/slim">

  <leader>02519cam a22003375a 4500</leader>
  <datafield tag="999" ind1=" " ind2=" ">
    <subfield code="c">21226</subfield>
    <subfield code="d">21198</subfield>
  </datafield>
  <controlfield tag="001">017165374</controlfield>
  <controlfield tag="003">EG-ScBUE</controlfield>
  <controlfield tag="005">20201128023643.0</controlfield>
  <controlfield tag="008">150413s2015    enk    f b    001 0 eng d</controlfield>
  <datafield tag="020" ind1=" " ind2=" ">
    <subfield code="a">9781472589101</subfield>
  </datafield>
  <datafield tag="040" ind1=" " ind2=" ">
    <subfield code="a">StDuBDS</subfield>
    <subfield code="b">eng</subfield>
    <subfield code="e">rda</subfield>
    <subfield code="c">StDuBDS</subfield>
    <subfield code="d">EG-ScBUE</subfield>
  </datafield>
  <datafield tag="082" ind1="0" ind2="4">
    <subfield code="a">808.066</subfield>
    <subfield code="b">PEC</subfield>
    <subfield code="2">22</subfield>
  </datafield>
  <datafield tag="100" ind1="1" ind2=" ">
    <subfield code="a">Pecorari, Diane,</subfield>
    <subfield code="e">author.</subfield>
    <subfield code="9">39427</subfield>
  </datafield>
  <datafield tag="245" ind1="1" ind2="0">
    <subfield code="a">Academic writing and plagiarism :</subfield>
    <subfield code="b">a linguistic analysis /</subfield>
    <subfield code="c">Diane Pecorari.</subfield>
  </datafield>
  <datafield tag="264" ind1=" " ind2="1">
    <subfield code="a">London ;</subfield>
    <subfield code="a">New York :</subfield>
    <subfield code="b">Bloomsbury Academic, an imprint of Bloomsbury Publishing Plc,</subfield>
    <subfield code="c">2015.</subfield>
  </datafield>
  <datafield tag="300" ind1=" " ind2=" ">
    <subfield code="a">214 pages ;</subfield>
    <subfield code="c">22 cm.</subfield>
  </datafield>
  <datafield tag="336" ind1=" " ind2=" ">
    <subfield code="2">rdacontent</subfield>
    <subfield code="a">text</subfield>
    <subfield code="b">txt</subfield>
  </datafield>
  <datafield tag="337" ind1=" " ind2=" ">
    <subfield code="2">rdamedia</subfield>
    <subfield code="a">unmediated</subfield>
    <subfield code="b">n</subfield>
  </datafield>
  <datafield tag="338" ind1=" " ind2=" ">
    <subfield code="2">rdacarrier</subfield>
    <subfield code="a">volume</subfield>
    <subfield code="b">nc</subfield>
  </datafield>
  <datafield tag="490" ind1="0" ind2=" ">
    <subfield code="a">Bloomsbury classics in linguistics</subfield>
  </datafield>
  <datafield tag="500" ind1=" " ind2=" ">
    <subfield code="a">Originally published: London: Continuum, 2008.</subfield>
  </datafield>
  <datafield tag="500" ind1=" " ind2=" ">
    <subfield code="a">Includes appendices.</subfield>
  </datafield>
  <datafield tag="504" ind1=" " ind2=" ">
    <subfield code="a">Includes bibliographical references and index.</subfield>
  </datafield>
  <datafield tag="520" ind1=" " ind2=" ">
    <subfield code="a">"Plagiarism has long been regarded with concern by the university community as a serious act of wrongdoing threatening core academic values. There has been a perceived increase in plagiarism over recent years, due in part to issues raised by the new media, a diverse student population and the rise in English as a lingua franca. This book approaches plagiarism from a linguistic perspective, considering the relationship between texts and their sources. Diane Pecorari brings recent linguistic research to bear on plagiarism, including processes of first and second language writers; interplay between reading and writing; writer's identity and voice; and the expectations of the academic discourse community. Using empirical data drawn from a comparison of student writing with its source, Academic Writing and Plagiarism argues that some plagiarism, in this linguistic context, can be regarded as a failure of pedagogy rather than a deliberate attempt to transgress. The book examines the implications of this gap between the institutions' expectations of the students, student performance and institutional awareness, and suggests pedagogic solutions to be implemented at student, classroom and institutional levels." "Academic Writing and Plagiarism is a cutting-edge research monograph which will be essential reading for researchers in applied linguistics."</subfield>
  </datafield>
  <datafield tag="650" ind1=" " ind2="7">
    <subfield code="a">Academic writing.</subfield>
    <subfield code="2">BUEsh</subfield>
  </datafield>
  <datafield tag="650" ind1=" " ind2="7">
    <subfield code="a">Report writing.</subfield>
    <subfield code="2">BUEsh</subfield>
    <subfield code="9">1126</subfield>
  </datafield>
  <datafield tag="650" ind1=" " ind2="7">
    <subfield code="a">Plagiarism.</subfield>
    <subfield code="2">BUEsh</subfield>
    <subfield code="9">15734</subfield>
  </datafield>
  <datafield tag="653" ind1=" " ind2=" ">
    <subfield code="c">February2016</subfield>
    <subfield code="b">HHUUEENN</subfield>
  </datafield>
  <datafield tag="655" ind1=" " ind2=" ">
    <subfield code="v">Reading book</subfield>
    <subfield code="9">34232</subfield>
  </datafield>
  <datafield tag="942" ind1=" " ind2=" ">
    <subfield code="2">ddc</subfield>
    <subfield code="c">BB</subfield>
  </datafield>
  <datafield tag="952" ind1=" " ind2=" ">
    <subfield code="0">0</subfield>
    <subfield code="1">0</subfield>
    <subfield code="2">ddc</subfield>
    <subfield code="4">0</subfield>
    <subfield code="7">0</subfield>
    <subfield code="8">Anglo-Egyp</subfield>
    <subfield code="a">MAIN</subfield>
    <subfield code="b">MAIN</subfield>
    <subfield code="c">2ND</subfield>
    <subfield code="d">2016-02-24</subfield>
    <subfield code="e">Purchase</subfield>
    <subfield code="g">235.00</subfield>
    <subfield code="h">13707</subfield>
    <subfield code="l">1</subfield>
    <subfield code="m">1</subfield>
    <subfield code="o">808.066 PEC</subfield>
    <subfield code="p">000031687</subfield>
    <subfield code="r">2025-07-15 00:00:00</subfield>
    <subfield code="s">2016-10-09</subfield>
    <subfield code="v">294.00</subfield>
    <subfield code="w">2016-02-24</subfield>
    <subfield code="y">BB</subfield>
  </datafield>
</record>
